Tekst piosenki ,,Dobrze Wiesz, Że Tęsknię" - Statystyki

Ogólne statystyki
  • Ten quiz został rozwiązany 40 razy
    10 od ostatniego zresetowania
  • Średni wynik to 29 z 32
Statystyki odpowiedzi
Słowa % Poprawnych
Bo dobrze ciebie {rozumiem} trzeba sobie pomagać
100%
Dobrze wiesz że {tęsknię}
100%
Dobrze wiesz że {tęsknię}
100%
Ej Dobrze wiesz że {tęsknię}
100%
Kiedyś to {pewnie} sobie jakoś wytłumaczę
100%
Nie miewam ładnych {snów}
100%
Nie miewam ładnych {snów}
100%
Nie {miewam} ładnych snów
100%
Patrzę jak {zegar} odmierza mi czas
100%
Tam gdzie bezpieczniej jest {uciekam} znów
100%
Tam gdzie bezpieczniej jest {uciekam} znów
100%
Tam gdzie bezpieczniej jest {uciekam} znów
100%
Zadzwoniłaś znów o {siódmej} porozmawiać
100%
Znów nie zdążyłem {wstać}
100%
Chowam {twarz}
90%
Chowam {twarz}
90%
Chowam {twarz}
90%
Chowam {twarz}
90%
Nie miewam ładnych {snów}
90%
Póki co nazwę {dylematem}
90%
Szkoda nas mimo że czas {upłynął} ja nie płynę z nim
90%
Szkoda nas mimo że czas {upłynął} ja nie płynę z nim
90%
Szkoda nas mimo że czas {upłynął} ja nie płynę z nim
90%
Szkoda nas mimo że czas {upłynął} ja nie płynę z nim
90%
Tam gdzie bezpieczniej jest {uciekam} znów
90%
{Darujmy} sobie ten small talking dobrze wiesz
80%
Dobrze wiesz {dobrze wiesz}
80%
Dobrze wiesz {dobrze wiesz}
80%
I {już} nie przeszkadzam
80%
Odkładam na {później} wszystkie myśli złudne
80%
Po prostu znowu {powiem} że
70%
{Krok} po {kroku} trochę lepiej z każdym dniem
60%
Nie znaleziono quizów pasujących do podanych kryteriów
Rozkład punktacji
Procent ludzi z każdym wynikiem
Percentyl według liczby udzielonych odpowiedzi
Twoja historia wyników
Nie rozwiązałeś tego quizu od ostatniego zresetowania